Integration
Gorde:
| Formatua: | Liburua |
|---|---|
| Hizkuntza: | Undetermined |
| Argitaratua: |
Netherlands
The VLSI journal
1983
|
| Gaiak: | |
| Etiketak: |
Etiketa erantsi
Etiketarik gabe, Izan zaitez lehena erregistro honi etiketa jartzen!
|
| Thư viện lưu trữ: | Trung tâm Học liệu Trường Đại học Cần Thơ |
|---|
| LEADER | 00404nam a2200157Ia 4500 | ||
|---|---|---|---|
| 001 | CTU_84104 | ||
| 008 | 210402s9999 xx 000 0 und d | ||
| 082 | |a 253.5 | ||
| 082 | |b I.61 | ||
| 245 | 0 | |a Integration | |
| 260 | |a Netherlands | ||
| 260 | |b The VLSI journal | ||
| 260 | |c 1983 | ||
| 650 | |a Clinical competence | ||
| 904 | |i Qhieu(sửa) | ||
| 980 | |a Trung tâm Học liệu Trường Đại học Cần Thơ | ||